Countries with Y - Statistics

General Stats
  • This quiz has been taken 1,775 times
  • The average score is 16 of 20
Answer Stats
Country % Correct
Yemen
96%
Paraguay
95%
Uruguay
95%
Guyana
91%
Italy
90%
Germany
88%
Hungary
87%
Norway
86%
Turkey
84%
Kyrgyzstan
83%
Libya
81%
Egypt
80%
Malaysia
80%
Syria
80%
Kenya
79%
Myanmar
79%
Seychelles
73%
Cyprus
72%
Ivory Coast
62%
Vatican City
57%
No matching quizzes found
Score Distribution
Percent of People with Each Score
Percentile by Number Answered
Your Score History
You have not taken this quiz